[Event "TIPC 2017"]
[Site "Roux, Belgium"]
[Date "2017.07.31"]
[Round "4.14"]
[White "Mastalerz, Xavier"]
[Black "Uhoda, Philippe"]
[Result "1/2-1/2"]
[BlackElo "2090"]
[WhiteElo "2252"]
[LiveChessVersion "1.4.8"]

1. Nf3 Nf6 2. d4 e6 3. g3 d5 4. Bg2 c5 5. O-O Nc6 6. c4 dxc4 7. Ne5 Nxe5 8. dxe5
Qxd1 9. Rxd1 Nd7 10. Na3 Be7 11. Nxc4 O-O 12. Bxb7 Bxb7 13. Rxd7 Ba6 14. b3 Rfe8
15. Be3 Kf8 16. Rad1 Rec8 17. Kf1 Bb5 18. R7d2 Bxc4 19. bxc4 Ke8 20. Rb1 Rab8 21.
Rdb2 Rxb2 22. Rxb2 Kd7 23. f4 Kc7 24. Kf2 Rb8 25. Rxb8 Kxb8 26. g4 g6 27. Kf3 Kc7
28. f5 Bf8 29. Bg5 Kb6 30. Bd8+ Kc6 31. Kf4 Kd7 32. Bf6 Bh6+ 33. Bg5 Bf8 34. e4
h6 35. Bf6 Be7 36. Kf3 Ke8 37. Ke3 Kd7 38. Kd3 Bf8 39. Kc3 Kc6 40. Kb3 h5 41. h3
hxg4 42. hxg4 Bh6 43. g5 Bf8 44. fxg6 fxg6 45. Ka4 a6 46. Ka5 Kb7 47. Bd8 Bg7 48.
Be7 Bxe5 49. Bxc5 Bf4 50. Be7 Bd2+ 51. Ka4 Kc6 52. Kb3 Kd7 53. Bf6 Kd6 54. Kc2
Bf4 55. Kd3 Bc1 56. Kc3 Bf4 57. Kd4 Bg3 58. c5+ Kc6 59. Be7 Bf4 60. Bf6 Bg3 61.
Kc4 Bf4 62. Be7 Bc1 63. Kb4 Bd2+ 64. Ka4 Kb7 65. Kb3 Kc6 66. Kc4 Be3 67. a4 Bf4
68. Kd4 Kd7 69. Bf6 Kc6 70. Kc4 Be3 71. Be7 Bf4 72. Kd4 Kd7 73. Bf6 Kc6 74. Kc4
Be3 75. Be7 1/2-1/2

[Event "TIPC 2017"]
[Site "Roux, Belgium"]
[Date "2017.07.31"]
[Round "4.15"]
[White "Herman, Jean"]
[Black "Barbier, Wim"]
[Result "1/2-1/2"]
[BlackElo "2107"]
[WhiteElo "2239"]
[LiveChessVersion "1.4.8"]

1. d4 d6 2. c4 e5 3. Nf3 Bg4 4. e3 Nd7 5. Nbd2 Ngf6 6. h3 Bh5 7. g4 Bg6 8. Nh4
exd4 9. exd4 Qe7+ 10. Qe2 O-O-O 11. Nxg6 hxg6 12. Qxe7 Bxe7 13. Bg2 c5 14. d5 Ne5
15. Ke2 g5 16. Nf3 Nxf3 17. Bxf3 Nd7 18. Be3 Bf6 19. Rab1 Rde8 20. b3 Bd4 1/2-1/2

[Event "TIPC 2017"]
[Site "Roux, Belgium"]
[Date "2017.08.01"]
[Round "5.1"]
[White "Gharamian, Tigran"]
[Black "Sochacki, Christophe"]
[Result "1-0"]
[BlackElo "2451"]
[WhiteElo "2616"]
[LiveChessVersion "1.4.8"]

1. e4  e6  2. d4  d5
 3. Nd2  Be7  4. e5
 c5  5. Bd3  cxd4
 6. Qg4  Bf8  7. Ne2
 Nc6  8. Nf3  Nge7
 9. Nexd4  Ng6  10. Nxc6
 bxc6  11. h4  Qc7
 12. Qg3  Ba6  13. h5
 Ne7  14. O-O  Bxd3
 15. cxd3  Rb8  16. b3
 Nf5  17. Qh2  Qa5
 18. Bf4  Ba3  19. Rab1
 Qc3  20. Rbd1  h6
 21. Rfe1  Kd7  22. Nh4
 Ne7  23. Be3  g5
 24. hxg6  fxg6  25. Bxa7
 Ra8  26. Be3  Bb2
 27. Bd2  Qc2  28. Bb4
 Rxa2  29. Rd2  Qxb3
 30. Bxe7  Qc3  31. Rdd1
 g5  32. Bf6  Rha8
 33. Ng6  Qc2  34. Qxh6
 Bd4  35. Qh7+  Kc8
 36. Ne7+  Kb8  37. Rb1+
 Rb2  38. Rxb2+  Bxb2
 39. Qg8+  Kb7  40. Qxe6
 Bd4  41. Qf5  g4
 42. g3  Ra2  43. Rf1
 Bxf2+  44. Qxf2  Qb3
 45. Qf5  d4  46. Qc8+
 Ka7  47. Nxc6+  Kb6
 48. Qb8+  Ka6  49. Qa7+
 1-0

[Event "TIPC 2017"]
[Site "Roux, Belgium"]
[Date "2017.08.01"]
[Round "5.2"]
[White "Inkiov, Ventzislav"]
[Black "Dgebuadze, Alexandre"]
[Result "0-1"]
[BlackElo "2524"]
[WhiteElo "2459"]
[LiveChessVersion "1.4.8"]

1. d4  e6  2. c4  Bb4+
 3. Nc3  Nf6  4. e3
 b6  5. Bd3  Bb7 
6. Nf3  Ne4  7. Qc2  f5
 8. O-O  Bxc3  9. bxc3
 O-O  10. Ne1  d6
 11. f3  Ng5  12. h4
 Nf7  13. e4  Qxh4
 14. exf5  exf5  15. Bxf5
 Nc6  16. Nd3  Rae8
 17. Bf4  Ng5  18. Bg4
 Na5  19. Rf2  Nxc4
 20. g3  Qh6  21. Rh2
 Qg6  22. Bxg5  Qxg5
 23. Nf4  g6  24. Qd3
 Ne3  25. d5  Nxg4
 26. fxg4  Bc8  27. Rf1
 Bxg4  28. c4  Qe7
 29. Rhf2  Bf5  30. Qd2
 Qe3  31. Qxe3  Rxe3
 32. Kh2  Bg4  33. Ng2
 Rxf2  34. Rxf2  Re2
 35. Kg1  Rxf2  36. Kxf2
 Kf7  37. Ne3  Bd7
 38. Kf3  Kf6  39. Ke4 h5 0-1

[Event "TIPC 2017"]
[Site "Roux, Belgium"]
[Date "2017.08.01"]
[Round "5.3"]
[White "Miezis, Normunds"]
[Black "Eden, James"]
[Result "1-0"]
[BlackElo "2361"]
[WhiteElo "2447"]
[LiveChessVersion "1.4.8"]

1. c4  e5  2. g3  Nc6
 3. Bg2  Bc5  4. e3
 a6  5. Ne2  Ba7 
6. b3  d6  7. Bb2  h5
 8. h4  Bg4  9. Nbc3
 Qd7  10. d3  Nf6
 11. Qd2  Bf5  12. Nd5
 Nxd5  13. cxd5  Ne7
 14. d4  e4  15. Nc3
 O-O-O  16. Nxe4  Nxd5
 17. Ng5  f6  18. Bxd5
 fxg5  19. hxg5  Qe7
 20. Qa5  Be4  21. Bxe4
 Qxe4  22. Rh4  Qe7
 23. Qf5+  Kb8  24. Re4
 Qf8  25. Qxf8  Rdxf8
 26. d5  Rhg8  27. Rd1
 Rf5  28. f4  Kc8
 29. Re6  Kd7  30. e4
 Rff8  31. Ke2  h4
 32. Kf3  hxg3  33. Kxg3
 Be3  34. Rf1  c6
 35. Kg4  g6  36. Rf3
 Bd2  37. Ba3  c5
 38. Bb2  Rf7  39. Bf6
 b5  40. e5  dxe5
 41. fxe5  1-0

[Event "TIPC 2017"]
[Site "Roux, Belgium"]
[Date "2017.08.01"]
[Round "5.4"]
[White "Kveinys, Aloyzas"]
[Black "Capone, Nicola"]
[Result "1-0"]
[BlackElo "2329"]
[WhiteElo "2542"]
[LiveChessVersion "1.4.8"]

1. Nf3  Nf6  2. c4  g6
 3. Nc3  d5  4. cxd5
 Nxd5  5. Qa4+  Nc6
 6. Ne5  Nxc3  7. dxc3
 Bd7  8. Nxd7  Qxd7
 9. g3  Nb8  10. Qb3
 c6  11. Bg2  Bg7
 12. O-O  O-O  13. Rd1
 Qc7  14. Bf4  e5
 15. Be3  Nd7  16. a4
 Rfd8  17. a5  Bf8
 18. Qc4  Nb8  19. b4
 Nd7  20. Bg5  Re8
 21. Bh3  Nb8  22. Rd2
 Be7  23. Bh6  Rd8
 24. Rad1  b5  25. axb6
 axb6  26. Be6  1-0

[Event "TIPC 2017"]
[Site "Roux, Belgium"]
[Date "2017.08.01"]
[Round "5.5"]
[White "Sagar, Shah"]
[Black "Tomov, Georgi"]
[Result "1-0"]
[BlackElo "2273"]
[WhiteElo "2391"]
[LiveChessVersion "1.4.8"]

1. Nf3  f5  2. d3  Nc6
 3. d4  e6  4. g3
 Nf6  5. Bg2  d5 
6. O-O  Bd6  7. Bf4  Bxf4
 8. gxf4  O-O  9. e3
 Bd7  10. c4  Be8
 11. Ne5  Ne4  12. f3
 Nd6  13. cxd5  exd5
 14. Nc3  Nxe5  15. fxe5
 Nc4  16. Qe2  c6
 17. f4  Kh8  18. Bf3
 Nb6  19. Kh1  Qe7
 20. Rg1  Rc8  21. Rg3
 Rc7  22. Rag1  Qd8
 23. Qg2  g6  24. Be2
 Rg7  25. Bd3  Na8
 26. Rg5  Qe7  27. Nb1
 Nc7  28. Nd2  Ne6
 29. Rg3  c5  30. Nf3
 cxd4  31. Nxd4  Nxd4
 32. exd4  Qb4  33. Qf2
 Rc7  34. Bf1  Bf7
 35. h4  Rfc8  36. Bd3
 Rc1  37. h5  Rxg1+
 38. Rxg1  Qe7  39. hxg6
 Bxg6  40. Qg3  Qf7
 41. Qh3  Rc6  42. Rg5
 Rc1+  43. Kh2  Rd1
 44. Bxf5  Kg7  45. Qe3
 Kf8  46. Qa3+  Kg7
 47. Qe3  Kf8  48. e6
 Qf6  49. Qe5  Qxe5
 50. dxe5  Bxf5  51. Rxf5+
 Ke7  52. Rf6  Re1
 53. f5  Rxe5  54. Rf7+
 Kd6  55. Kg3  h5
 56. Kf4  Re4+  57. Kg5
 h4  58. Kf6  d4 
59. Rd7+  Kc6  60. Rd8  h3
 61. Rh8  d3  62. Rxh3
 Rd4  63. e7 Kd5 1-0

[Event "TIPC 2017"]
[Site "Roux, Belgium"]
[Date "2017.08.01"]
[Round "5.6"]
[White "Hamblok, Roel"]
[Black "Kukov, Velislav"]
[Result "0-1"]
[BlackElo "2386"]
[WhiteElo "2305"]
[LiveChessVersion "1.4.8"]

1. d4  Nf6  2. Nf3  d5
 3. Bf4  c5  4. e3
 cxd4  5. exd4  Nc6
 6. c3  a6  7. Bd3
 g6  8. O-O  Nh5 
9. Be3  Bg7  10. c4  O-O
 11. Nc3  Nb4  12. c5
 Nxd3  13. Qxd3  f5
 14. Rad1  f4  15. Bc1
 Bf5  16. Qe2  e6
 17. Rfe1  g5  18. Ne5
 Nf6  19. b4  Ne4
 20. Na4  Bxe5  21. dxe5
 Qe8  22. Nb6  Nc3
 23. Qd2  Nxd1  24. Nxa8
 Nxf2  25. Nc7  Qc6
 26. Nxd5  Nh3+  27. gxh3
 Qxd5  28. Qxd5  exd5
 29. h4  h6  30. hxg5
 hxg5  31. Kf2  Kf7
 32. Rg1  Rg8  33. h4
 gxh4  34. Rxg8  Kxg8
 35. Bxf4  d4  36. Kf3
 Kf7  37. a4  Ke6
 38. b5  axb5  39. axb5
 Kd5  40. c6  bxc6
 41. bxc6  Kxc6  42. Bg5
 h3  43. Bf4  Kd5
 44. Ke2  Ke4  45. Bh2
 Be6  46. Kd2  Bc4
 47. Bg3  Kf3  48. Bh2
 Bb5  49. e6  Ke4
 50. e7  Kd5  51. Ke1
 Ke6  52. Kf2  Kxe7
 53. Be5  d3  54. Ke3
 Ke6  55. Bg3  Kd5
 56. Bh2  Kc4  57. Be5
 Ba6  58. Kd2  Kd5
 0-1

[Event "TIPC 2017"]
[Site "Roux, Belgium"]
[Date "2017.08.01"]
[Round "5.7"]
[White "Godart, François"]
[Black "Van Mechelen, Jan"]
[Result "1-0"]
[BlackElo "2247"]
[WhiteElo "2411"]
[LiveChessVersion "1.4.8"]

1. d4 Nf6 2. Nf3 d5 3. e3 Bg4 4. h3 Bxf3 5. Qxf3 e6 6. c4 c6 7. Nc3 Nbd7 8. Bd2
Bd6 9. Bd3 O-O 10. O-O-O Rc8 11. cxd5 cxd5 12. Kb1 a6 13. g4 Nb6 14. g5 Nfd7 15.
e4 e5 16. exd5 exd4 17. Qe4 g6 18. Qxd4 Ne5 19. Bf4 f6 20. gxf6 Nf3 21. Qe3 Bxf4
22. Qxf4 Rxf6 23. Qe3 Nxd5 24. Nxd5 Qxd5 25. Be4 Qh5 26. Rd5 Ne5 27. f4 Nc4 28.
Qd3 Qh4 29. Rd8+ Rxd8 30. Qxd8+ Kg7 31. Qc7+ 1-0

[Event "TIPC 2017"]
[Site "Roux, Belgium"]
[Date "2017.08.01"]
[Round "5.8"]
[White "Hautot, Stéphane"]
[Black "Decrop, Benjamin"]
[Result "1/2-1/2"]
[BlackElo "2177"]
[WhiteElo "2379"]
[LiveChessVersion "1.4.8"]

1. d4 Nf6 2. Nf3 d5 3. g3 e6 4. Bg2 Be7 5. O-O O-O 6. b3 b5 7. Ne5 Nbd7 8. Nxd7
Nxd7 9. c4 bxc4 10. bxc4 c6 11. Nd2 a5 12. Qc2 Ba6 13. Re1 Nb6 14. c5 Nc4 15.
Nxc4 Bxc4 16. a4 e5 17. e3 exd4 18. exd4 Bf6 19. Bb2 Qc7 20. Bc3 Rfb8 21. Qd2 g6
22. Bf3 Kg7 23. Kg2 Qa7 24. h4 h5 25. Bd1 Qa6 26. Bc2 Bb3 27. Bd3 Bc4 28. Bc2 Bb3
29. Bb1 Bc4 30. Bc2 Bb3 1/2-1/2

[Event "TIPC 2017"]
[Site "Roux, Belgium"]
[Date "2017.08.01"]
[Round "5.9"]
[White "Henris, Luc"]
[Black "Verstraeten, Rein"]
[Result "0-1"]
[BlackElo "2316"]
[WhiteElo "2127"]
[LiveChessVersion "1.4.8"]

1. e4 c5 2. d4 cxd4 3. c3 Nf6 4. e5 Nd5 5. Qxd4 e6 6. Nf3 Nc6 7. Qe4 d6 8. Bb5
Bd7 9. c4 Nb6 10. exd6 Bxd6 11. Bg5 Be7 12. Bxe7 Qxe7 13. O-O a6 14. Bxc6 Bxc6
15. Qc2 O-O 16. Nbd2 Rfc8 17. b3 a5 18. Qd3 Nd7 19. Nd4 Qc5 20. Ne4 Bxe4 21. Qxe4
Nf6 22. Qe3 Rd8 23. Rfd1 Ng4 24. Qe4 Nxf2 25. Kxf2 e5 26. Qxb7 Rxd4 27. Rxd4
Qxd4+ 28. Ke2 Rd8 29. Re1 h5 30. Qf3 Rd6 31. Qe3 Qb2+ 32. Kf1 Qxa2 33. Kg1 Rd2
34. Qf3 Qc2 35. h3 f6 0-1

[Event "TIPC 2017"]
[Site "Roux, Belgium"]
[Date "2017.08.01"]
[Round "5.10"]
[White "De Villers, Mourad"]
[Black "Le Quang, Kim"]
[Result "1/2-1/2"]
[BlackElo "2279"]
[WhiteElo "2152"]
[LiveChessVersion "1.4.8"]

1. c4 f5 2. Nc3 Nf6 3. g3 g6 4. Bg2 d6 5. d3 Bg7 6. e3 O-O 7. Nge2 e5 8. O-O c6
9. Rb1 a5 10. a3 Be6 11. b3 Nbd7 12. d4 Bf7 13. d5 Qc7 14. dxc6 bxc6 15. e4 fxe4
16. Nxe4 Nxe4 17. Bxe4 a4 18. Be3 Nf6 19. Bg2 Rfb8 20. Qc2 axb3 21. Rxb3 Rxb3 22.
Qxb3 d5 23. cxd5 cxd5 24. Qd3 Qe7 25. Bc1 Qc5 26. Rd1 Ra4 27. Qb3 Rc4 28. Qb8+
Qf8 29. Qb3 Qc5 30. Qb8+ Qf8 31. Qb3 1/2-1/2

[Event "TIPC 2017"]
[Site "Roux, Belgium"]
[Date "2017.08.01"]
[Round "5.11"]
[White "Geenen, Marc"]
[Black "Réal, Thibault"]
[Result "0-1"]
[BlackElo "2178"]
[WhiteElo "2258"]
[LiveChessVersion "1.4.8"]

1. e4 c5 2. Nf3 d6 3. d4 cxd4 4. Nxd4 Nf6 5. Nc3 g6 6. Be3 Bg7 7. f3 O-O 8. Qd2
Nc6 9. Bc4 Bd7 10. O-O-O Rc8 11. Bb3 Nxd4 12. Bxd4 b5 13. Nd5 Nxd5 14. Bxg7 Kxg7
15. exd5 a5 16. a3 Kg8 17. h4 b4 18. axb4 axb4 19. Qxb4 Rc5 20. Rd3 Qa8 21. Kd2
Rb8 22. Qd4 Qa5+ 23. Ke3 Rb4 24. c4 Qb6 25. Ba2 Rxb2 26. Ra1 Bf5 27. Rd2 Rxd2 28.
Kxd2 Rxd5 29. Qxd5 Qb2+ 30. Ke3 Qxa1 31. Qd2 Qg1+ 32. Qf2 Qc1+ 33. Qd2 Qg1+ 34.
Qf2 Qxf2+ 35. Kxf2 e5 36. f4 Be6 37. Kf3 h5 38. Ke4 f5+ 39. Ke3 Kf7 40. g3 Ke7
41. Bb3 Bf7 42. Kd3 Kd8 43. Kc3 Kc7 44. Kb4 Kc6 45. Ba4+ Kb6 46. Bb3 e4 47. Bd1
Be8 48. Be2 Bc6 49. Bd1 Bd7 50. Be2 Be6 51. Bd1 Bd7 52. Be2 Be6 53. Bd1 Bf7 54.
Ba4 e3 55. Bd1 Be6 56. Be2 Bc8 57. Bd1 Bb7 58. Be2 Be4 59. Kb3 Kc5 60. Kc3 d5 61.
cxd5 Bxd5 62. Kd3 Bc4+ 63. Kxe3 Bxe2 64. Kxe2 Kc4 65. Ke3 Kc3 66. Ke2 Kc2 67. Ke3
Kd1 68. Kd4 Ke2 69. Ke5 Kf3 70. Kf6 Kxg3 71. Kg5 Kf3 72. Kxg6 Kg4 0-1

[Event "TIPC 2017"]
[Site "Roux, Belgium"]
[Date "2017.08.01"]
[Round "5.12"]
[White "Werner, Ivan"]
[Black "Fontaine, Quentin"]
[Result "0-1"]
[BlackElo "2329"]
[WhiteElo "2131"]
[LiveChessVersion "1.4.8"]

1. e4 c5 2. Nf3 d6 3. c3 Nf6 4. Be2 g6 5. O-O Bg7 6. Re1 O-O 7. Bf1 Nc6 8. h3 e5
9. d4 cxd4 10. cxd4 exd4 11. Nxd4 Nxd4 12. Qxd4 Re8 13. Qd3 d5 14. Nc3 dxe4 15.
Qxd8 Rxd8 16. Bf4 Bd7 17. Bc4 Rac8 18. Bb3 Bc6 19. a4 a6 20. Re2 Kf8 21. Rae1 Nh5
22. Bg5 Rd3 23. Bc2 Bxc3 24. bxc3 Rxc3 25. Bxe4 Bxe4 26. Rxe4 Kg7 27. Be3 R3c4
28. Bd4+ Kf8 29. Bb6 Nf6 30. Rxc4 Rxc4 31. a5 Nd5 32. Bd8 f6 33. Rb1 Ke8 34. Bb6
Kd7 35. Rd1 Kc6 36. Bd8 Rc5 37. Rd3 Rc1+ 38. Kh2 Re1 39. Rf3 Re6 40. Rb3 Kd7 41.
Rxb7+ Kxd8 42. Rxh7 Ne7 43. h4 Ke8 44. Rh8+ Kf7 45. Ra8 f5 46. g3 Nd5 47. f3 Nb4
48. Ra7+ Re7 49. Ra8 Re5 50. Ra7+ Kf6 51. g4 fxg4 52. fxg4 Rxa5 53. Kg2 Ra3 54.
Rb7 Nd3 55. Rb6+ Ke5 56. Kf1 Nf4 57. Rc6 Ke4 58. h5 Kf3 59. Kg1 gxh5 60. gxh5 0-1

[Event "TIPC 2017"]
[Site "Roux, Belgium"]
[Date "2017.08.01"]
[Round "5.13"]
[White "Barbier, Wim"]
[Black "Sclacmender, Julien"]
[Result "0-1"]
[BlackElo "2261"]
[WhiteElo "2107"]
[LiveChessVersion "1.4.8"]

1. c4 e5 2. g3 Nf6 3. Bg2 d5 4. cxd5 Nxd5 5. Nf3 Nc6 6. O-O Nb6 7. Nc3 Be7 8. d3
O-O 9. Be3 Be6 10. Na4 Qc8 11. a3 Rd8 12. Qc2 Nd4 13. Bxd4 exd4 14. Rac1 c6 15.
Rfe1 Bd5 16. Nc5 Nd7 17. Nxd7 Qxd7 18. Ne5 Qe6 19. Bxd5 Rxd5 20. f4 Bf6 21. Nf3
h5 22. Qd2 h4 23. e4 dxe3 24. Rxe3 Qg4 25. Kg2 Rad8 26. Qe2 h3+ 27. Kf2 Qd7 28.
Rd1 c5 29. Ne5 Bxe5 30. Rxe5 c4 31. Re7 Qc6 32. d4 Rxd4 33. Rxd4 Qg2+ 34. Ke3
Qg1+ 35. Qf2 Qxf2+ 36. Kxf2 Rxd4 37. Rxb7 Rd2+ 38. Kg1 Rg2+ 39. Kh1 Rc2 40. Kg1
a5 41. a4 Kh7 42. f5 Rg2+ 43. Kh1 Kh6 0-1

[Event "TIPC 2017"]
[Site "Roux, Belgium"]
[Date "2017.08.01"]
[Round "5.14"]
[White "Marte, Sébastien"]
[Black "Mastalerz, Xavier"]
[Result "1/2-1/2"]
[BlackElo "2252"]
[WhiteElo "2088"]
[LiveChessVersion "1.4.8"]

1. d4 e6 2. Nf3 Nf6 3. c4 b6 4. a3 Bb7 5. Nc3 Ne4 6. Nxe4 Bxe4 7. Bf4 Be7 8. e3
O-O 9. Bd3 Bxd3 10. Qxd3 d6 11. O-O Nd7 12. Rfd1 Re8 13. Rac1 Bf6 14. Qc2 Qe7 15.
b4 e5 16. dxe5 dxe5 17. Bg3 Red8 18. Rd2 Nf8 19. Rcd1 Rxd2 20. Rxd2 a5 21. Qa4
Qe6 22. b5 Nd7 23. Qd1 1/2-1/2

[Event "TIPC 2017"]
[Site "Roux, Belgium"]
[Date "2017.08.01"]
[Round "5.15"]
[White "Uhoda, Philippe"]
[Black "Herman, Jean"]
[Result "0-1"]
[BlackElo "2239"]
[WhiteElo "2090"]
[LiveChessVersion "1.4.8"]

1. e4 c5 2. Nf3 Nc6 3. d4 cxd4 4. Nxd4 g6 5. Nc3 Bg7 6. Be3 Nf6 7. Be2 O-O 8. Qd2
d5 9. exd5 Nxd5 10. Nxd5 Qxd5 11. Bf3 Qe5 12. Nxc6 bxc6 13. O-O Ba6 14. Rfd1 Qxb2
15. Bxc6 Rac8 16. Rab1 Qxa2 17. Be4 Rc7 18. Bf4 Rc5 19. h3 Qa4 20. Be3 Rc7 21.
Rb4 Qa5 22. Rb8 Qxd2 23. Rxf8+ Kxf8 24. Rxd2 Be5 25. Rd8+ Kg7 26. Ra8 Bb7 27.
Bxb7 Rxb7 28. f4 Bb8 29. Kf2 Kf6 30. Kf3 Ke6 31. c4 Kd7 32. Ke4 f5+ 33. Kd4 Kc8
34. Kd5 Rc7 35. Bd4 Rd7+ 36. Kc5 Kb7 37. Rxb8+ Kxb8 38. Be5+ Kb7 39. Kb5 Rd2 40.
g4 Rh2 41. c5 a6+ 42. Kc4 Kc6 0-1

[Event "TIPC 2017"]
[Site "Roux, Belgium"]
[Date "2017.08.02"]
[Round "6.1"]
[White "Dgebuadze, Alexandre"]
[Black "Gharamian, Tigran"]
[Result "1/2-1/2"]
[BlackElo "2616"]
[WhiteElo "2524"]
[LiveChessVersion "1.4.8"]

1. e4  c6  2. d4  d5
 3. Nd2  dxe4  4. Nxe4
 Nd7  5. c3  Ngf6
 6. Nxf6+  Nxf6  7. Bc4
 Qc7  8. Ne2  Bf5
 9. Bf4  Qd7  10. O-O
 e6  11. Re1  Be7
 12. Be5  O-O  13. Bd3
 Rfe8  14. h3  Rad8
 15. Bxf5  exf5  16. Qb3
 Qc8  17. Rad1  Nd7
 18. Bf4  Bf6  19. Ng3
 Rxe1+  20. Rxe1  1/2-1/2

[Event "TIPC 2017"]
[Site "Roux, Belgium"]
[Date "2017.08.02"]
[Round "6.2"]
[White "Kukov, Velislav"]
[Black "Kveinys, Aloyzas"]
[Result "1/2-1/2"]
[BlackElo "2542"]
[WhiteElo "2386"]
[LiveChessVersion "1.4.8"]

1. d4  Nf6  2. Bg5  e6
 3. e3  c5  4. c3
 cxd4  5. exd4  Be7
 6. Nd2  b6  7. Ngf3
 Bb7  8. Bd3  d6 
9. Bxf6  Bxf6  10. Qe2  a6
 11. h4  Nd7  12. O-O-O
 b5  13. Be4  d5 
14. Bd3  b4  15. c4  dxc4
 16. Nxc4  Bd5  17. Kb1
 Nb6  18. Nce5  h5
 19. Rh3  Nd7  20. Nc4
 Nb6  21. Nce5  Nd7
 22. Nc4 Nb6 23. Nce5 Kf8 24. Ng5 Ke8 25. Ngf3 Kf8 26. Ng5 Bxg5
27. hxg5 Qxg5 28. g4 Qd8 1/2-1/2

[Event "TIPC 2017"]
[Site "Roux, Belgium"]
[Date "2017.08.02"]
[Round "6.3"]
[White "Sochacki, Christophe"]
[Black "Sagar, Shah"]
[Result "1/2-1/2"]
[BlackElo "2391"]
[WhiteElo "2451"]
[LiveChessVersion "1.4.8"]

1. d4  Nf6  2. Bg5  d5
 3. e3  e6  4. Nd2
 c5  5. c3  Bd6 
6. Bd3  Nbd7  7. f4  h6
 8. Bh4  g5  9. Bg3
 Qc7  10. Qf3  c4
 11. Bc2  g4  12. Qe2
 Rg8  13. h3  h5 
14. hxg4  hxg4  15. Rh6  b5
 16. Bh4  Be7  17. a4
 b4  18. cxb4  c3
 19. bxc3  Qxc3  20. Ra2
 Bxb4  21. Bd3  Ne4
 22. Bxe4  dxe4  23. Kf2
 Bb7  24. Qb5  Bc6
 25. Qh5  g3+  26. Bxg3
 Bd5  27. Ne2  Qd3
 28. Nc1  Qc3  29. Ne2
 Qd3  30. f5  Bxa2
 31. fxe6  O-O-O  32. exd7+
 Rxd7  33. Qe5  Rxg3
 34. Rh8+  Rd8  35. Rxd8+
 Kxd8  36. Qb8+  Kd7
 37. Qb7+  Kd8  38. Qb8+
 Kd7  39. Qxa7+  Kd8
 40. Qb8+  Kd7  41. Qb7+
 Kd8  42. Qb8+  Kd7
 43. Qb7+  Kd8  44. Qb8+ 1/2-1/2

[Event "TIPC 2017"]
[Site "Roux, Belgium"]
[Date "2017.08.02"]
[Round "6.4"]
[White "Godart, François"]
[Black "Miezis, Normunds"]
[Result "1-0"]
[BlackElo "2447"]
[WhiteElo "2411"]
[LiveChessVersion "1.4.8"]

1. d4  Nf6  2. Nf3  e6
 3. e3  b6  4. Bd3
 Bb7  5. O-O  Be7
 6. c4  O-O  7. Nc3
 d5  8. cxd5  exd5
 9. b3  Ne4  10. Bb2
 Nd7  11. Rc1  f5
 12. Ne2  Rf6  13. Ne5
 Rh6  14. Qc2  c5
 15. f3  Nxe5  16. dxe5
 Bg5  17. f4  Bh4
 18. Nc3  Rg6  19. Bxe4
 fxe4  20. Rcd1  Qd7
 21. f5  Rg4  22. Qe2
 h5  23. h3  Rg5 
24. Nxe4  Rxf5  25. Rxf5  Qxf5
 26. Nd6  Qg5  27. Nxb7
 Rf8  28. Rxd5  Rf2
 29. Rd8+  Kh7  30. Qd3+
 Qf5  31. Qxf5+  Rxf5
 32. Rd2  Bg5  33. Rd3
 Bh4  34. e6  Bf2+
 35. Kh2  h4  36. e4
 Bg3+  37. Rxg3  hxg3+
 38. Kxg3  Rg5+  39. Kf4
 Rg6  40. Nd8  1-0

[Event "TIPC 2017"]
[Site "Roux, Belgium"]
[Date "2017.08.02"]
[Round "6.5"]
[White "Réal, Thibault"]
[Black "Inkiov, Ventzislav"]
[Result "0-1"]
[BlackElo "2459"]
[WhiteElo "2178"]
[LiveChessVersion "1.4.8"]

1. d4  Nf6  2. Bf4  c5
 3. d5  Qb6  4. Nc3
 Qxb2  5. Bd2  Qb6
 6. e4  d6  7. f4
 e6  8. Rb1  Qd8 
9. Nf3  exd5  10. exd5  Be7
 11. Bb5+  Nbd7  12. a4
 O-O  13. O-O  Nb6
 14. Bc1  Bd7  15. Be2
 Rb8  16. Ra1  Re8
 17. Ra3  Bf8  18. h3
 Nbxd5  19. Nxd5  Nxd5
 20. Bc4  Nf6  21. Ng5
 d5  22. Bxd5  Nxd5
 23. Qh5  Nf6  24. Qxf7+
 Kh8  25. Qa2  Re7
 26. Re3  Be8  27. Ne6
 Rxe6  28. Qxe6  Bc6
 29. Rd3  Qe8  30. Re1
 Qxe6  31. Rxe6  Bxa4
 32. Bb2  Bxc2  33. Rg3
 Bg6  34. f5  Nh5
 35. Rg5  Bf7  36. Rh6
 Rd8  37. Rhxh5  Rd1+
 38. Kh2  Bd6+  39. g3
 Rd2+  40. Kg1  Rxb2
 41. Rh4  Be7  0-1

[Event "TIPC 2017"]
[Site "Roux, Belgium"]
[Date "2017.08.02"]
[Round "6.6"]
[White "Eden, James"]
[Black "Verstraeten, Rein"]
[Result "1-0"]
[BlackElo "2316"]
[WhiteElo "2361"]
[LiveChessVersion "1.4.8"]

1. e4  c5  2. Nf3  d6
 3. d4  cxd4  4. Qxd4
 a6  5. h3  Nc6 
6. Qe3  Nf6  7. c4  g6
 8. Nc3  Bg7  9. Be2
 O-O  10. O-O  Nd7
 11. Rb1  Nde5  12. Nxe5
 dxe5  13. Nd5  Nd4
 14. c5  Be6  15. Bc4
 a5  16. a3  a4 
17. Bd2  f5  18. f3  Kh8
 19. Rbd1  Rf7  20. Bc3
 Rc8  21. Nb6  Bxc4
 22. Nxc4  f4  23. Qf2
 Rxc5  24. Nxe5  Bxe5
 25. Bxd4  Bxd4  26. Rxd4
 Qc7  27. Rxa4  Rc2
 28. Qd4+  e5  29. Qb4
 Kg7  30. Rd1  Re2
 31. Re1  Rc2  32. Ra5
 Qd8  33. Kh1  Rxb2
 34. Qxb2  Qxa5  35. Rd1
 Kh6  36. Kh2  Rc7
 37. h4  Qc5  38. Rd5
 Qe7  39. g3  Rc5
 40. Qb4  Rc2+  41. Kh3
 Qxb4  42. axb4  Rf2
 43. Kg4  Rg2  44. Rxe5
 fxg3  45. Rb5  Rg1
 46. Rxb7  g2  47. Kg3
 Rh1  48. Kxg2  Rxh4
 49. b5  Rh5  50. f4
 Rc5  51. Kf3  g5
 52. f5  Re5  53. b6
 g4+  54. Kf4  g3
 55. f6  g2  56. Rg7
 Rb5  57. Rxg2  Rxb6
 58. Kf5  1-0

[Event "TIPC 2017"]
[Site "Roux, Belgium"]
[Date "2017.08.02"]
[Round "6.7"]
[White "Navrotescu, Andreea-Christiana"]
[Black "Hautot, Stéphane"]
[Result "1-0"]
[BlackElo "2379"]
[WhiteElo "2207"]
[LiveChessVersion "1.4.8"]

1. c4  c5  2. Nc3  Nc6
 3. g3  g6  4. Bg2
 Bg7  5. e4  a6 
6. a4  e6  7. Nge2  Nge7
 8. O-O  O-O  9. d3
 d6  10. Rb1  a5 
11. Nb5  e5  12. f4  f5
 13. Be3  Be6  14. b3
 Nd4  15. Nexd4  exd4
 16. Bd2  Qd7  17. Qe2
 Nc6  18. Rbe1  Rae8
 19. Rf2  Kh8  20. Bf3
 b6  21. Qf1  Re7
 22. Qg2  Nd8  23. Rfe2
 fxe4  24. Rxe4  Rfe8
 25. g4  Bf6  26. h3
 h6  27. R1e2  Nc6
 28. Rxe6  Rxe6  29. Rxe6
 Rxe6  30. Bxc6  Qd8
 31. Bd5  Re7  32. Be4
 Kg7  33. Na3  Qe8
 34. Nb5  Qd8  35. Be1
 g5  36. Bg3  gxf4
 37. Bxf4  Be5  38. Qd2
 Re6  39. g5  Bxf4
 40. Qxf4  hxg5  41. Qf5
 Rh6  42. Nc7  Qe7
 43. Nd5  Qe5  44. Kg2
 Qxf5  45. Bxf5  Rh8
 46. Kf3  Re8  47. Be4
 Rf8+  48. Kg4  Kh6
 49. Bf5  Re8  50. Nxb6
 Rb8  51. Nc8  Rxb3
 52. Nxd6  Ra3  53. Nf7+
 Kg7  54. Nxg5  Rxa4
 55. Ne6+  Kf6  56. Nxc5
 Ra1  57. Bd7  Ke5
 58. Bb5  Ra3  59. h4
 Kd6  60. Na4  Ke5
 61. c5  Rb3  62. Bc4
 Rb4  63. Nb6  a4
 64. Nd7# 1-0

[Event "TIPC 2017"]
[Site "Roux, Belgium"]
[Date "2017.08.02"]
[Round "6.9"]
[White "Gijsen, Stief"]
[Black "Fontaine, Quentin"]
[Result "0-1"]
[BlackElo "2329"]
[WhiteElo "2194"]
[LiveChessVersion "1.4.8"]

1. d4 Nf6 2. c4 e6 3. Nc3 Bb4 4. e3 O-O 5. Bd3 d5 6. cxd5 exd5 7. Nge2 b6 8. O-O
Re8 9. Bd2 Bf8 10. Rc1 Bb7 11. Nf4 a6 12. Qc2 g6 13. Be2 Qd6 14. Qb3 Nbd7 15.
Rfd1 b5 16. a4 b4 17. Nb1 a5 18. Be1 c5 19. dxc5 Nxc5 20. Qc2 b3 21. Qxc5 Qxc5
22. Rxc5 Bxc5 23. Bb5 Red8 24. Nd2 Bb6 25. Nxb3 Ne4 26. Nd4 Rac8 27. f3 Nd6 28.
Bh4 Rf8 29. Nd3 Nxb5 30. axb5 Rfe8 31. Bf2 Rc4 32. b3 Rc3 33. b4 a4 34. Nc5 Bxc5
35. bxc5 Rxc5 36. Ra1 Ra8 37. Be1 Rc4 38. h4 h5 39. Ra3 Bc8 40. Kf2 Bd7 41. Kg3
Rb8 42. Ra1 Rb7 43. Kf4 f6 44. g4 Rxb5 45. g5 Kf7 46. gxf6 Kxf6 47. e4 Rb2 48.
Ba5 Kf7 49. Ke3 dxe4 50. fxe4 Rc5 51. Bd2 g5 52. hxg5 Rxg5 53. Rf1+ Ke8 54. Nf3
Rg2 55. Bc3 Rbe2+ 56. Kd4 Ref2 0-1